| 000 | 00498nam a22001937a 4500 | ||
|---|---|---|---|
| 003 | AR-RoIUNI | ||
| 005 | 20241122063016.0 | ||
| 007 | ta | ||
| 008 | 231023s1925 ag a||||r|||| 001 0 spa d | ||
| 040 | _cIUNIR | ||
| 080 | _a616.314 ZAB | ||
| 100 | _aZabotinsky, Alejandro | ||
| 245 | 1 | 0 |
_aIncrustaciones de oro / _cZabotinsky, Alejandro |
| 250 | _a1a ed. | ||
| 260 |
_aBuenos Aires : _bRodriguez Giles , _c1925 |
||
| 300 |
_a84 p. : _bil. ; _c20 cm |
||
| 650 | 1 | 0 |
_aOdontología _9546 |
| 942 |
_2cdu _cBK |
||
| 999 |
_c5797 _d5797 |
||